000 00477nam a2200157Ia 4500
003 IQ-KOUCL
041 _aArabic
082 _a210,72 cut-996 س
100 _a20260118u\\\\\\\\\\\y0engy0103\\\\ba
100 _aالحافظ جلال الدين السيوطي
245 0 _aتدريب الراوي في شرح تقريب النواوي
250 _aط1
260 _bجمعية احياء التراث الاسلامي
_aالكويت
_c2022
300 _a702
942 _cBk
999 _c186300
_d186300